| 000 | 01064aam a2200385a 44500 | ||
|---|---|---|---|
| 008 | 980505s1998 cat | ||
| 041 | _acat | ||
| 080 | _a677.055(038) | ||
| 080 | _a677.075(038) | ||
| 100 |
_aLópez, R. _967524 |
||
| 245 | _aDiccionari bàsic de gènere de punt de màquines de formació consecutiva | ||
| 245 | _cG. Moncanut | ||
| 245 | _cR. López | ||
| 260 | _aBarcelona | ||
| 260 | _c1998 | ||
| 300 |
_a[222]f. _c30 cm |
||
| 500 | _aArbre de camp, sinònims | ||
| 500 | _aProjecte de fi de carrera, Escola Universitària d'Enginyeria Tècnica en Teixits de Punt. Exemplar fotocopiat i relligat | ||
| 546 | _aca | ||
| 546 | _aes | ||
| 591 | _a5504 | ||
| 592 | _aObra terminològica | ||
| 593 | _aISD | ||
| 593 | _aISF | ||
| 594 | _a5504 | ||
| 650 |
_agèneres de punt _967526 |
||
| 650 |
_amaquinària tèxtil _965767 |
||
| 700 |
_aMoncanut, G. _967525 |
||
| 901 | _c<1998> | ||
| 902 | _a980505 | ||
| 942 |
_cMO _n0 |
||
| 999 |
_c56333 _d56333 |
||